Varanasi at the crossroads : (Record no. 137084)

MARC details
000 -LEADER
fixed length control field 00914nam a2200241 4500
003 - CONTROL NUMBER IDENTIFIER
control field dpl
005 - DATE AND TIME OF LATEST TRANSACTION
control field 20180522163931.0
008 - FIXED-LENGTH DATA ELEMENTS--GENERAL INFORMATION
fixed length control field 180522b xxu||||| |||| 00| 0 eng d
010 ## - LIBRARY OF CONGRESS CONTROL NUMBER
LC control number B-109695
020 ## - INTERNATIONAL STANDARD BOOK NUMBER
International Standard Book Number 8187332182
035 ## - SYSTEM CONTROL NUMBER
System control number B-109695, B-109699
037 ## - SOURCE OF ACQUISITION
Source of stock number/acquisition Cen Lib / Ret
040 ## - CATALOGING SOURCE
Original cataloging agency DPL
Language of cataloging EN
Transcribing agency 0
082 ## - DEWEY DECIMAL CLASSIFICATION NUMBER
Classification number 954.13
Item number MED
100 ## - MAIN ENTRY--PERSONAL NAME
Personal name Swami Medhasananda
245 ## - TITLE STATEMENT
Title Varanasi at the crossroads :
Remainder of title a panoramic view of early modern Varanasi and the story of its transition /
Statement of responsibility, etc by Swami Medhasananda
260 ## - PUBLICATION, DISTRIBUTION, ETC. (IMPRINT)
Place of publication, distribution, etc Kolkata
Name of publisher, distributor, etc The Ramakrishna Mission Institute of Culture
Date of publication, distribution, etc 2003
270 ## - ADDRESS
Address The Ramakrishna Mission Institute of Culture
City Kolkata
Postal code 700029
300 ## - PHYSICAL DESCRIPTION
Extent xxix, 1043p
Dimensions 27cm(Hb)
650 ## - SUBJECT ADDED ENTRY--TOPICAL TERM
Topical term or geographic name as entry element Varanasi (Uttar Pradesh, India) -- History -- 18th century.
650 ## - SUBJECT ADDED ENTRY--TOPICAL TERM
Topical term or geographic name as entry element Vārānasi (Uttar Pradesh, India) -- History -- 19th century.
942 ## - ADDED ENTRY ELEMENTS (KOHA)
Source of classification or shelving scheme Dewey Decimal Classification
Koha item type English Books
Classification part 954.13
Call number suffix MED
Holdings
Withdrawn status Lost status Damaged status Not for loan Home library Current library Date acquired Source of acquisition Total Checkouts Full call number Barcode Date last seen Copy number Price effective from Koha item type Source of classification or shelving scheme Collection code Cost, normal purchase price Date checked out Cost, replacement price
        Central Library Central Library 16/03/2016 Cen Lib/Ret   954.13 MED B-109695 16/03/2016 1 16/03/2016 English Books          
        Shahdara Branch Shahdara Branch 22/05/2018 BPPD/PUB 1 954.13 MED B-109699 03/03/2021   22/05/2018 English Books Dewey Decimal Classification Non-fiction 0.00 02/03/2021 0.00

© Delhi Public Library
Hit Counter
free hit counter